Game Animals - Statistics

General Stats
  • This quiz has been taken 9 times
  • The average score is 2 of 7
Answer Stats
Answer % Correct
elk
89%
white-tailed deer
56%
black bear
44%
cottontail rabbit
11%
snowshoe hare
0%
squirrel (red, gray, black, fox)
0%
woodchuck (groundhog)
0%
No matching quizzes found
Score Distribution
Percent of People with Each Score
Percentile by Number Answered
Your Score History
You have not taken this quiz